000 00721nam a2200241 a 4500
001 BRCA_6757
005 20190320205559.0
008 241011s1945----mx-#######---#000-0#spa-#
041 _aspa
044 _amx
050 4 _aF1219
_b.C517
_c1945
245 1 0 _aHistoria antigua de México
_cFrancisco Javier Clavijero; prólogo de Mariano Cuevas
260 _aMéxico
_bPorrúa
_c1945
300 _a4 v.
_bil.
_c20 cm.
440 0 _aEscritores mexicanos
_v7, 8, 9, 10
_916870
500 _aI123
650 1 4 _aIndios de México
_916871
650 1 4 _aCalendario mexicano
_98542
651 4 _aMéxico
_xHistoria
_yHasta 1519
_99704
651 4 _aMéxico
_xHistoria
_yConquista, 1519-1540
_9442
902 _aGFM
942 _2lcc
_cB
999 _c6440
_d6440